000 00982nam a22002897a 4500
003 KOHA_MİRAKIL
005 20260511122122.0
008 260507b tu ||||| |||| 00| 0 tur d
020 _a9786258431674
040 _aTR-AnABB
_btur
_cTR-AnABB
041 _atur
082 _a956.930 4
_bBAS 2022
100 1 _aBaşara, Levent
245 1 0 _aKıbrıs için havalandılar G-günü /
_cLevent Başara, Serhat Güvenç
250 _a1. baskı
260 _aİstanbul :
_bKronik Kitap,
_c2022
300 _a383 sayfa ;
_c20 cm
490 0 _aKronik kitap ;
_v319
490 0 _aTürkiye Tarihi Dizisi ;
_v39
500 _aYazar tarafından Prof. Dr. Ruşen Keleş için imzalanmıştır.
500 _aSon tanıkların anlatımlarıyla Kıbrıs Barış Harekatı'nın hava cephesi
650 0 4 _aTarih, Kıbrıs Barış Hareketi
650 0 4 _aTarih, Türkiye
700 1 _aGüvenç, Serhat
_93627
900 _bCan ÇELIK
942 _2ddc
_cBK
999 _c10375
_d10375